000 00540nam a2200121Ia 4500
008 220615s9999||||xx |||||||||||||| ||und||
100 _aSimon, Rick
245 0 _aCritical Essays in Appalachian Life & Culture
546 _aEnglish[eng]
650 _aSocial Science||Sociology
856 _uhttps://library.oapen.org/bitstream/20.500.12657/47639/1/external_content.pdf||https://library.oapen.org/bitstream/20.500.12657/47639/1/external_content.pdf||https://library.oapen.org/bitstream/20.500.12657/47639/1/external_content.pdf
942 _cEB
999 _c15646
_d15646